| 000 | 00505nam a2200181 a 4500 | ||
|---|---|---|---|
| 005 | 20140310183155.0 | ||
| 008 | 970101s19uu xx 00 eng d | ||
| 020 | _a0063886702 | ||
| 050 |
_aQA 76.76 _b.T253 1974 |
||
| 100 | _aTeague, Robert | ||
| 245 |
_aFortran : _ba discovery approach / _cRobert Teague. |
||
| 260 |
_aNew York : _bCanfield Press, _c1974. |
||
| 300 |
_a270 p. : _bill. ; _c25 cm. |
||
| 521 | _aIT | ||
| 650 | _aFortran ( Computer program) | ||
| 942 |
_cBK _2lcc _kFOR |
||
| 999 |
_c19732 _d19732 |
||